Name the countries in Asian in 5 minutes - Statistics

General Stats
  • This quiz has been taken 302 times
    272 since last reset
  • The average score is 40 of 50
Answer Stats
Asia % Correct
China
97%
India
94%
Indonesia
94%
Japan
94%
Pakistan
93%
North Korea
92%
South Korea
92%
Iran
89%
Turkey
89%
afghanistan
88%
Iraq
87%
Vietnam
86%
Bangladesh
84%
Sri Lanka
84%
Thailand
84%
Yemen
84%
Malaysia
83%
Mongolia
83%
Nepal
83%
Kazakhstan
82%
Laos
82%
Qatar
82%
Saudi Arabia
82%
Singapore
82%
Bhutan
81%
Uzbekistan
81%
Cambodia
80%
Cambodia
80%
Jordan
80%
Oman
80%
Philippines
80%
Israel
79%
Maldives
78%
Syria
78%
Turkmenistan
78%
United Arab Emirates
78%
Tajikistan
76%
armenia
75%
Russia
75%
Brunei
74%
Burma
74%
Kuwait
74%
Kyrgyzstan
74%
Georgia
73%
Lebanon
73%
Taiwan
72%
azerbaijan
71%
Bahrain
67%
East Timor
66%
Cyprus
54%
No matching quizzes found
Score Distribution
Percent of People with Each Score
Percentile by Number Answered
Your Score History
You have not taken this quiz since the last reset